| 000 | 00370nam a2200145Ia 4500 | ||
|---|---|---|---|
| 008 | 150201s2009 xx 000 0 und d | ||
| 082 |
_a616.1 _bR09G |
||
| 100 | _aGARKAL, GS | ||
| 245 | _aRADIOLOGY OF POSITIONING AND APPLIED ANATOMY | ||
| 250 | _a3RD | ||
| 260 |
_bJAYPEE BROTHERS _aDELHI _c2009 |
||
| 300 | _a1-165 | ||
| 650 | _aRADIOLOGY & DIAGNOSIS | ||
| 942 |
_2ddc _cBK _09 |
||
| 999 |
_c16 _d16 |
||